<?xml version="1.0" encoding="UTF-8"?>
<record
    xmlns:xsi="http://www.w3.org/2001/XMLSchema-instance"
    xsi:schemaLocation="http://www.loc.gov/MARC21/slim http://www.loc.gov/standards/marcxml/schema/MARC21slim.xsd"
    xmlns="http://www.loc.gov/MARC21/slim">

  <leader>04979nam a22003977a 4500</leader>
  <controlfield tag="003">CHAP</controlfield>
  <controlfield tag="005">20250610084214.0</controlfield>
  <controlfield tag="007">ta</controlfield>
  <controlfield tag="008">250610s2002    mx ad||frm||| 001 0 spa d</controlfield>
  <datafield tag="040" ind1=" " ind2=" ">
    <subfield code="a">mxchpua</subfield>
    <subfield code="c">CHAP</subfield>
  </datafield>
  <datafield tag="041" ind1="0" ind2=" ">
    <subfield code="a">spa</subfield>
    <subfield code="b">eng</subfield>
  </datafield>
  <datafield tag="090" ind1=" " ind2=" ">
    <subfield code="a">Tesis</subfield>
    <subfield code="b">T65</subfield>
    <subfield code="c">2002</subfield>
  </datafield>
  <datafield tag="100" ind1="1" ind2=" ">
    <subfield code="a">Toledo Cruz, Marlene</subfield>
  </datafield>
  <datafield tag="240" ind1="1" ind2="0">
    <subfield code="a">A technical-economic substitution proposal for clorofluorocarbons (CFC&#xB4;S) in the cold-storange plants at central de abastos (Supplyng center) in Mexico City.</subfield>
    <subfield code="l">Espa&#xF1;ol</subfield>
  </datafield>
  <datafield tag="245" ind1="1" ind2="0">
    <subfield code="a">Propuesta t&#xE9;cnica econ&#xF3;mica para la sustituci&#xF3;n de clorofluorocarbonados (CFC'S) en las instalaciones frigor&#xED;ficas de la Central de Abasto de la Ciudad de M&#xE9;xico /</subfield>
    <subfield code="c">Marlene Toledo Cruz</subfield>
  </datafield>
  <datafield tag="264" ind1=" " ind2=" ">
    <subfield code="a">Chapingo, M&#xE9;xico:</subfield>
    <subfield code="b">El autor,</subfield>
    <subfield code="c">2002</subfield>
  </datafield>
  <datafield tag="300" ind1=" " ind2=" ">
    <subfield code="a">iii, 114 hojas : </subfield>
    <subfield code="b">ilustraciones, tablas, gr&#xE1;ficas</subfield>
  </datafield>
  <datafield tag="336" ind1=" " ind2=" ">
    <subfield code="2">rdacontent</subfield>
    <subfield code="a">texto</subfield>
    <subfield code="b">txt</subfield>
  </datafield>
  <datafield tag="337" ind1=" " ind2=" ">
    <subfield code="2">rdamedia</subfield>
    <subfield code="a">no mediado</subfield>
    <subfield code="b">n</subfield>
  </datafield>
  <datafield tag="338" ind1=" " ind2=" ">
    <subfield code="2">rdacarrier</subfield>
    <subfield code="a">volumen</subfield>
    <subfield code="b">nc</subfield>
  </datafield>
  <datafield tag="502" ind1=" " ind2=" ">
    <subfield code="a">Tesis</subfield>
    <subfield code="b">(Ingeniero Agroindustrial) --</subfield>
    <subfield code="c">UACh. Departamento de Ingenier&#xED;a Agroindustrial,</subfield>
    <subfield code="d">2002</subfield>
  </datafield>
  <datafield tag="504" ind1=" " ind2=" ">
    <subfield code="a">Bibliograf&#xED;a: hojas 93-95</subfield>
  </datafield>
  <datafield tag="520" ind1="3" ind2=" ">
    <subfield code="a">La liberaci&#xF3;n a la atm&#xF3;sfera de compuestos quimicos en cuya composici&#xF3;n contienen cloro y particularmente los llamados clorofluorcarbonados (CFC'S), empleados como refrigerantes en la producci&#xF3;n de frio, ha provocado la destrucci&#xF3;n de la capa de ozono. En el presente trabajo se proponen las alternativas para la sustituci&#xF3;n de los refrigerantes clorofluorocarbonados por refrigerantes ecol&#xF3;gicos en la Central de Abastos de la Ciudad de M&#xE9;xico. Tomando en cuenta las condiciones de operaci&#xF3;n e identificando los diferentes tipos de refrigerantes y particularmente de los CFC's en las instalaciones; para ello se realiz&#xF3; un inventario con las caracter&#xED;sticas de las c&#xE1;maras, como capacidad, frutas almacenadas, datos del compresor y del evaporador, temperatura de operaci&#xF3;n de la c&#xE1;mara y el refrigerante empleado; se investigaron los diferentes refrigerantes alternativos que pueden sustituir al R-22. Se realizaron an&#xE1;lisis termodin&#xE1;micos para cada uno de los gases alterativos, a condiciones de operaci&#xF3;n de las c&#xE1;maras, utilizando una comparaci&#xF3;n de medias se observ&#xF3; que solo existe diferencia en los flujos m&#xE1;sicos y no existe diferencia significativa en las variables, COP, relaci&#xF3;n de compresi&#xF3;n y potencia te&#xF3;rica unitaria usando uno u otro refrigerante. Sin embargo en este momento no es conveniente realizar el cambio de refrigerantes, ya que los sistemas operan con R-22 y no existe restricci&#xF3;n alguna de tipo t&#xE9;cnico, econ&#xF3;mico operativo o legislativo para operar con este refrigerante; no obstante el R-134a es m&#xE1;s recomendable para sustituir al R-22 en los sistemas frigorificos de la Central de Abasto del Distrito Federal una vez concluida la vida &#xFA;til de los equipos actuales. </subfield>
  </datafield>
  <datafield tag="520" ind1="3" ind2=" ">
    <subfield code="a">The release into the atmosphere of chemical compounds whose composition includes chlorine and particularly chlorofluorocarbons employed as refrigerants in the production of cold has caused depletion of the ozone atmospheric ozone layer. In this study, as a recommendation, alternatives are proposed to substitute chlorofluorocarbons refrigerants for ecological refrigerants at the Central de Abasto in M&#xE9;xico city. Operation conditions and identification of different types of refrigerants, and particularly CFC's in the plans were taken into account. For the study, an inventory with the characteristic of the refrigerating plant sun as capacity, stored fruit, data of the compressor and evaporator, temperature of the operation of the plant and utilized refrigerant was carried out. The different alternative refrigerants which can substitute the R-22 were investigated. Thermodynamic analysis for each alternative gas was done under conditions of operations of the plants. It was observed by using a comparison of means that there is only difference in the mass flows and there is no significant difference in variables, COP, compression ratio, and unitary theoretical power by using one or other refrigerant. However, at present it is not convenient to do the change of the refrigerants since systems are operating with R-22 and there is not any limit of technical, economic, operative, or legal type to work whit this refrigerant, but the R-134a is the best recommended substitute for R-22 in the refrigerating systems of the Central de Abasto when the service life of the current equipment is over.</subfield>
  </datafield>
  <datafield tag="650" ind1="1" ind2="3">
    <subfield code="a">Refrigeraci&#xF3;n</subfield>
    <subfield code="2">atg</subfield>
  </datafield>
  <datafield tag="650" ind1="1" ind2="3">
    <subfield code="a">Almacenamiento en fr&#xED;o</subfield>
    <subfield code="2">atg</subfield>
  </datafield>
  <datafield tag="650" ind1="1" ind2="3">
    <subfield code="a">Almacenamiento bajo atm&#xF3;sfera controlada  </subfield>
    <subfield code="2">atg</subfield>
  </datafield>
  <datafield tag="650" ind1="1" ind2="3">
    <subfield code="a">Refrigeration  </subfield>
    <subfield code="2">atg</subfield>
  </datafield>
  <datafield tag="650" ind1="1" ind2="3">
    <subfield code="a">Cold storage</subfield>
    <subfield code="2">atg</subfield>
  </datafield>
  <datafield tag="650" ind1="1" ind2="3">
    <subfield code="a">Controlled atmosphere storage  </subfield>
    <subfield code="2">atg</subfield>
  </datafield>
  <datafield tag="700" ind1="1" ind2=" ">
    <subfield code="a">Covarrubias Guti&#xE9;rrez, Ignacio</subfield>
    <subfield code="e">director</subfield>
  </datafield>
  <datafield tag="700" ind1="1" ind2=" ">
    <subfield code="a">Marchand Ortega, Rub&#xE9;n</subfield>
    <subfield code="e">asesor</subfield>
  </datafield>
  <datafield tag="700" ind1="1" ind2=" ">
    <subfield code="a">Corrales Garc&#xED;a, Jos&#xE9; Joel Enrique</subfield>
    <subfield code="e">asesor</subfield>
  </datafield>
  <datafield tag="901" ind1=" " ind2=" ">
    <subfield code="a">TESIS T65 2002</subfield>
  </datafield>
  <datafield tag="942" ind1=" " ind2=" ">
    <subfield code="2">Clasificaci&#xF3;n Universidad Aut&#xF3;noma Chapingo</subfield>
    <subfield code="c">Tesis</subfield>
  </datafield>
  <datafield tag="999" ind1=" " ind2=" ">
    <subfield code="c">220578</subfield>
    <subfield code="d">220578</subfield>
  </datafield>
  <datafield tag="952" ind1=" " ind2=" ">
    <subfield code="0">0</subfield>
    <subfield code="1">0</subfield>
    <subfield code="2">local</subfield>
    <subfield code="4">0</subfield>
    <subfield code="5">1</subfield>
    <subfield code="7">0</subfield>
    <subfield code="8">TESIS</subfield>
    <subfield code="a">IA_</subfield>
    <subfield code="b">IA_</subfield>
    <subfield code="d">2025-06-10</subfield>
    <subfield code="e">El autor</subfield>
    <subfield code="l">0</subfield>
    <subfield code="o">Tesis T65 2002</subfield>
    <subfield code="p">1101015531</subfield>
    <subfield code="r">2026-02-02 00:00:00</subfield>
    <subfield code="t">Ej.1</subfield>
    <subfield code="w">2025-06-10</subfield>
    <subfield code="y">TESIS</subfield>
  </datafield>
  <datafield tag="952" ind1=" " ind2=" ">
    <subfield code="0">0</subfield>
    <subfield code="1">0</subfield>
    <subfield code="2">local</subfield>
    <subfield code="4">0</subfield>
    <subfield code="5">5</subfield>
    <subfield code="7">0</subfield>
    <subfield code="8">TESIS</subfield>
    <subfield code="a">IA_</subfield>
    <subfield code="b">IA_</subfield>
    <subfield code="d">2025-06-10</subfield>
    <subfield code="e">El autor</subfield>
    <subfield code="l">0</subfield>
    <subfield code="o">Tesis T65 2002</subfield>
    <subfield code="p">1101015532</subfield>
    <subfield code="r">2026-02-02 00:00:00</subfield>
    <subfield code="t">Ej.2</subfield>
    <subfield code="w">2025-06-10</subfield>
    <subfield code="y">TESIS</subfield>
  </datafield>
</record>
